| 000 | 00761nam a2200229Ii 4500 | ||
|---|---|---|---|
| 003 | JO-AjNU | ||
| 008 | 230605s9999||||xx |||||||||||||| ||und|| | ||
| 017 | _a2003/14447 | ||
| 020 | _a977-305-516-9 | ||
| 040 |
_aJO-AjNU _bara _erda _cJO-AjNU |
||
| 041 | _aara | ||
| 050 | 1 | 4 | _aPJ7852.A54.Z683 2003 |
| 100 | 3 |
_aتأليف حماد، عبد التواب, _eauthor _939481 |
|
| 245 | 0 | 0 | _aالسينما في أدب نجيب محفوظ |
| 264 | 3 | 1 | _aالقاهرة:الهيئة العامة لقصور الثقافة،2003 |
| 300 | _a227ص | ||
| 336 |
_atext _btxt _2rdacontent |
||
| 337 |
_aunmediated _bn _2rdamedia |
||
| 338 |
_avolume _bnc _2rdacarrier |
||
| 490 | 0 | _aآفاق السينما 32 | |
| 650 | 4 |
_aالأدب العربي - سينما _939482 |
|
| 999 |
_aA16677 _c20245 _d20245 |
||